| 000 | 00838nam a2200229 4500 | ||
|---|---|---|---|
| 001 | 144145 | ||
| 003 | ES-MaACL | ||
| 005 | 20230906200944.0 | ||
| 007 | t| | ||
| 008 | 070214s1975 xxu r ||||1| spa d | ||
| 111 | 2 |
_aSimposio Pablo Neruda ( _cColumbia, Carolina del Sur ( _d1974) _9135222 |
|
| 245 | 1 | 0 |
_aSimposio Pablo Neruda _b: Actas : Columbia, Carolina del Sur : noviembre 21-23, 1974 / _cIsaac Jack Lévy, Juan Loveluck, editores. |
| 260 |
_aColumbia : _bUniversity of South Carolina [etc.], _c1975 ( _eMadrid : _fVelograf) |
||
| 300 |
_a427 p. ; _c21 cm. |
||
| 490 | 1 | _aHispanic Studies | |
| 700 | 1 |
_aLévy, Isaac Jack. _972001 |
|
| 700 | 1 |
_aLoveluck, Juan. _974362 |
|
| 710 | 2 |
_aUniversity of South Carolina. _97515 |
|
| 830 | 0 |
_aHispanic Studies _9220644 |
|
| 852 |
_aES-MaACL _jL-7450 _bR.107489 |
||
| 999 |
_c144145 _d144145 |
||